Systems analysis for educational planning : methodes analytiques appliquees a la planification de l'enseignement.

Gespeichert in:
Bibliographische Detailangaben
Körperschaft: Organization for Economic Cooperation and Development (OECD)
Format: Buch
Sprache:Englisch
Schlagworte:
Tags: Tag hinzufügen
Keine Tags, Fügen Sie das erste Tag hinzu!

MARC

LEADER 00000cam^a2200000uu^4500
001 000474895
005 20250521000000.0
008 050901s1961^^^^^^^^^^^^rd^r^^000^0^eng^d
009 20260526150231.688
035 |a FCE 000017758 
035 |a FCE 019036 
037 |a Acervo ITESO - Biblioteca 
041 |a eng 
082 0 4 |a 371.207  |b OECD 
110 |a Organization for Economic Cooperation and Development (OECD) 
245 1 0 |a Systems analysis for educational planning :  |b methodes analytiques appliquees a la planification de l'enseignement. 
264 |a Estados Unidos :  |b OECD,  |c 1961. 
300 |a 219 p. 
336 |a texto  |b txt  |2 rdacontenido 
337 |a sin mediación  |b n  |2 rdamedio 
338 |a volumen  |b nc  |2 rdasoporte 
649 |a XX 
650 |a Planificación de la educación 
650 |a Teoría 
650 |a Economía 
650 |a Sistema de información 
650 |a Problemas educativos 
650 |a Análisis de sistema 
650 |a Método analítico 
650 |a Investigación educacional 
650 |a Estados Unidos 
910 |a Fondo Centro de Estudios Educativos 
920 |a Impresos - Libros 
930 |a Fondos Especiales 
905 |a 133 
901 |a ALE019036  |b IT2  |c CEE  |u 20250521 
901 |a ALE042383  |b IT2  |c CEE  |u 20250521 
902 |a https://opac.biblio.iteso.mx/vufind/Record/000474895